[Event "Linares 19th"]
[Site "Linares"]
[Date "2002.03.03"]
[Round "8"]
[White "Anand, Viswanathan"]
[Black "Shirov, Alexei"]
[Result "1-0"]
[WhiteElo "2757"]
[BlackElo "2715"]
[Annotator "Ftacnik,L"]
[PlyCount "61"]
[EventDate "2002.02.22"]
[EventType "tourn"]
[EventRounds "14"]
[EventCountry "ESP"]
[EventCategory "20"]
[SourceTitle "CBM 088"]
[Source "ChessBase"]
[SourceDate "2002.03.21"]
[SourceVersion "1"]
[SourceVersionDate "2002.03.21"]
[SourceQuality "1"]

1. e4 c5 2. Nf3 Nc6 3. d4 cxd4 4. Nxd4 e5 5. Nb5 d6 6. N1c3 a6 7. Na3 b5 8. Nd5
Nf6 9. c4 b4 (9... Nd4 10. Bg5 Qa5+ 11. Bd2 Qd8 12. Bd3 (12. Bg5 Qa5+ 13. Bd2
Qd8 {1/2-1/2 Van der Wiel,J-Minasian,A/Manila 1992/ (13)}) 12... Nxd5 13. cxd5
Be7 14. O-O O-O 15. Be3 f5 16. Bxd4 exd4 17. exf5 Qb6 18. Re1 Bf6 19. Nc2 a5
20. Qh5 Bd7 21. g4 h6 22. Re6 {1-0 Kotronias,V-Beshukov,S/Agios Nikolaos 1995/
(35)}) (9... Nxe4 10. Bd3 Nc5 11. cxb5 Nd4 12. b6 Nxd3+ 13. Qxd3 Bb7 14. Nc7+
Ke7 15. O-O Rc8 16. Nc4 Ne6 17. Na5 Rxc7 18. bxc7 Qxc7 19. Nxb7 Qxb7 20. Rd1 {
1-0 Mihevc,N-Shumiakina,T/Nova Gorica 1999/ (27)}) 10. Nxf6+ Qxf6 11. Nc2 Qg6
12. Qd5 $1 {[%mdl 8] Tactically very soundly based novelty, Shirov will have
his hands full with the defense.} (12. f3 Rb8 13. Ne3 Be7 14. Nd5 O-O 15. Be3
Bh4+ 16. g3 Bg5 17. Qd3 f5 18. Bxg5 Qxg5 19. f4 exf4 20. Nxf4 fxe4 21. Qxd6 Ne5
22. O-O-O Bg4 {0-1 Lendvai,E-Rajcsanyi,Z/HUN 1993/ (38)}) 12... Bb7 13. Nxb4
Rc8 $6 (13... Nd8 14. Qd1 (14. Qa5 Qxe4+ 15. Be3 $14) 14... Qxe4+ 15. Be3 $14)
14. Be3 (14. f3 $5 Be7 15. Nxc6 Rxc6 16. Be3 $16) 14... Be7 15. h4 (15. f3 Bh4+
16. g3 Qh5 17. Bg2 $16) 15... O-O 16. h5 Qg4 17. f3 Qg3+ 18. Kd1 $5 {It is one
of the priviledges of the strong players to chose original, even though risky
continuations. The solid 18.Bf2 was promising convenient advantage.} (18. Bf2
Nxb4 19. Qd2 Qg5 20. Qxb4 Rb8 21. Qd2 $16) 18... Bg5 19. Nxc6 $1 (19. Rh3 Qxh3
20. gxh3 Bxe3 21. Qd3 Bd4 22. Nd5 $16) 19... Bxe3 $6 (19... Bxc6 20. Qd2 Bxe3
21. Qxe3 Bd7 22. h6 $16) 20. Ne7+ Kh8 21. Qd3 Bg5 (21... Rc7 $2 22. Nf5 $18)
22. Nxc8 Rxc8 23. h6 gxh6 (23... Bxh6 $5 24. Ke2 $18) 24. Kc2 d5 $6 {Black was
playing the whole game in a very aggressive move, but rather consequently was
choosing the second rate continuations.} (24... f5 $1 25. exf5 Qf2+ 26. Be2 d5
$16) 25. exd5 Bxd5 26. Qxd5 Rd8 (26... Qf2+ 27. Kc3 $1 $18) 27. Qc5 $1 Rd2+ 28.
Kb3 Kg7 (28... e4 $2 29. Qf8#) 29. a3 e4 30. Rh3 Qf4 31. fxe4 (31. fxe4 Qxe4
32. Ka2 $18) 1-0

[Event "USA-ch"]
[Site "Key West"]
[Date "1994.??.??"]
[Round "6"]
[White "Shabalov, Alexander"]
[Black "Christiansen, Larry Mark"]
[Result "0-1"]
[WhiteElo "2600"]
[BlackElo "2575"]
[Annotator "Ftacnik,L"]
[PlyCount "102"]
[EventDate "1994.10.??"]
[EventType "tourn"]
[EventRounds "13"]
[EventCountry "USA"]
[EventCategory "13"]
[SourceTitle "CBM 044"]
[Source "ChessBase"]
[SourceDate "1995.02.01"]
[SourceVersion "1"]
[SourceVersionDate "1995.02.01"]
[SourceQuality "1"]

1. e4 c5 2. Nf3 Nc6 3. d4 cxd4 4. Nxd4 e5 5. Nb5 d6 6. c4 Be7 7. N1c3 a6 8. Na3
Be6 9. Nc2 Rc8 10. Bd3 Nf6 $5 (10... Bg5 11. Ne3 Nge7 $6 12. Ncd5 O-O 13. O-O
Nd4 14. b3 Bxd5 15. exd5 g6 16. Qg4 Bh6 17. Bb2 $16 {Frolov-Tiviakov,S/URS/
1990/}) 11. Nd5 Nd7 12. Nce3 $5 (12. b4 $14) 12... Nc5 13. O-O Bg5 14. Bb1 a5
15. g3 Bxe3 (15... O-O 16. f4 Bh6 17. Nf5 $16) 16. Bxe3 O-O 17. f4 $1 (17. Qd2
Ne7 $13) 17... exf4 $5 (17... f6 $13) 18. gxf4 Nb4 19. Bd4 Qh4 20. Ne3 Bh3 21.
Nf5 Bxf5 22. exf5 Rfe8 23. Kh1 f6 24. a3 $2 (24. a4 $5 h5 (24... Ne4 25. Ra3
Rxc4 26. Re3 d5 27. Bxe4 Rxe4 28. Rxe4 dxe4 29. Qb3 $18) (24... Re7 25. Bf2 Qh6
26. Ra3 Ne4 27. Qg4 Nxf2+ 28. Rxf2 $16) 25. Rg1 $1 (25. Ra3 Qg4 26. Rg3 Qxd1
27. Rxd1 Kh8 28. Rdg1 Rc7) 25... Ne4 26. Ra3 $40) 24... Nc6 25. Bf2 Qh3 26. a4
Qb3 $1 27. Qd5+ Kh8 28. Ra3 Qxb2 29. Rg3 Re7 30. Qxd6 Qe2 31. Re1 $2 (31. Kg1
Ne4 32. Bxe4 Rxe4 33. Re1 Qxc4 34. Rxe4 Qxe4 $15) 31... Qxf2 32. Rxe7 Nxe7 33.
Qxe7 Rg8 34. Qc7 b6 35. Rg2 Qf1+ 36. Rg1 Qf3+ 37. Rg2 Nxa4 38. Bc2 Nc5 39. h4 (
39. Qxb6 Qf1+ 40. Rg1 Qxc4 $19) 39... Qh3+ 40. Kg1 Qe3+ 41. Kh2 a4 42. Qxb6
Qxf4+ 43. Kh3 Qxc4 $19 44. Qa7 Nd3 45. Rd2 Nf4+ 46. Kh2 Qc3 47. Qf2 a3 48. Bb1
Qh3+ 49. Kg1 Qg4+ 50. Kh2 Re8 51. Be4 h6 $138 0-1

[Event "Elgoibar 09th"]
[Site "Elgoibar"]
[Date "1999.??.??"]
[Round "5"]
[White "Korneev, Oleg"]
[Black "Lazarev, Vladimir"]
[Result "1/2-1/2"]
[WhiteElo "2615"]
[BlackElo "2501"]
[Annotator "Gershon,A"]
[PlyCount "86"]
[EventDate "1999.11.??"]
[EventType "tourn"]
[EventRounds "9"]
[EventCountry "ESP"]
[EventCategory "9"]
[SourceTitle "CBM 075"]
[Source "ChessBase"]
[SourceDate "2000.04.05"]
[SourceVersion "1"]
[SourceVersionDate "2000.04.05"]
[SourceQuality "1"]

1. e4 c5 2. Nf3 Nc6 3. d4 cxd4 4. Nxd4 Qc7 5. Nb5 Qb8 6. c4 {White's idea is
to enter a hadghog position, but this setup does not force black to play 'd6'
so early leaving him with the possibility to play Bc5 fighting for central
squares.} (6. Bd3 e6 (6... a6 7. N5c3 e6 8. Be3 b5 9. O-O Nf6 10. Nd2 Qc7 (
10... Ne5 11. h3 Bb7 12. Bf4 Nxd3 13. cxd3 Be7 14. Nb3 O-O 15. Na5 Rc8 16. Rc1
d5 17. e5 Nd7 18. a3 {1/2-1/2 Rodriguez,A-Magem Badals,J/Cala Galdana 1999/EXT
2000 (18)}) 11. f4 d6 12. Kh1 Be7 13. Qe2 Bb7 14. Nf3 O-O 15. a3 Na5 16. Bd4
Nd7 17. Rae1 Nc4 $11 {1/2-1/2 Korneev,O-Gustafsson,J/Bad Woerishofen 1998/CBM
63 ext (38)}) 7. O-O Nf6 8. f4 d6 9. c4 Be7 10. N1c3 a6 11. Na3 O-O 12. Be3 Re8
13. Kh1 Bd8 14. Rc1 b6 15. Qf3 Nb4 16. Bb1 Ra7 17. Rce1 Nd7 18. Bd2 Nc5 $2 {
Leaving the king defenceless.} 19. e5 $1 $40 {1/2-1/2 Yudasin,L-Zvjaginsev,V/
Pamplona 1994/CBM 46 (43)}) 6... e6 (6... b6 7. Be3 Nf6 8. Nd2 g6 9. Be2 Bg7
10. O-O O-O 11. f4 d6 12. Rc1 Nd7 13. Nc3 Nc5 14. Ndb1 Bb7 15. Bf3 Ne6 16. Qd2
Ncd4 17. Nd5 Qd8 18. Nbc3 f5 19. exf5 Nxf3+ 20. Rxf3 Rxf5 $132 {1-0 Yudasin,
L-Polgar,J/Munich 1991/CBM 23/ (42)}) 7. Be3 (7. Be2 b6 (7... Nf6 8. N5c3 Bd6
9. Be3 b6 10. Qc1 Bb7 11. f4 e5 12. O-O Bc5 13. Kh1 Nd4 14. Bd3 Ng4 15. Bg1 Qd6
16. Nd5 Ne6 17. fxe5 Nxe5 18. Bxc5 bxc5 19. Qe3 O-O 20. Nbc3 Bc6 21. Rad1 Rae8
22. Bb1 Qb8 23. b3 a5 24. Qg3 Kh8 $15 {0-1 Short,N-Hracek,Z/Parnu 1996/CBM 52 
(102)}) 8. f4 Bc5 9. a3 a6 10. N5c3 Nd4 11. b4 Nxe2 12. Qxe2 Be7 13. O-O d6 14.
Bb2 Bf6 15. Nd2 Bb7 16. Rae1 Bd4+ 17. Kh1 Ne7 18. Qd3 Bxc3 19. Bxc3 f6 20. Qh3
Kf7 21. Nf3 $16 {1-0 Almasi,Z-Kurajica,B/Pula 1995/EXT 97 (75)}) 7... Nf6 8.
N5c3 b6 9. Nd2 {[%cal Ga2a3,Gb2b4,Gd2b3] White delays the developing of his
light squared bishop waiting to see what setup will black choose.Meanwhile he
prepares the pieces for the play on the Q side and in the center.} (9. f4 $2 e5
10. f5 Bc5 $15) (9. Be2 Be7 {[%cal Gc8b7,Gc6e5]} (9... Bc5)) (9. Bd3 Ne5) 9...
Bc5 $1 {[%csl Gd4] Taking over the dark squares in the center which were
weakenned by white's 6th move} 10. Bxc5 bxc5 11. b3 O-O 12. Bd3 Nd4 (12... Bb7
13. O-O Qe5 14. Rc1 Rfd8 (14... d5 $2 15. Nf3 Qh5 16. cxd5 exd5 17. exd5 $16)
15. Kh1 $14) 13. O-O Qf4 (13... e5 $11) 14. Ne2 (14. a3 $140 $4 Ng4 15. g3 Qxd2
$19) (14. h3 e5 $11) 14... Nxe2+ 15. Qxe2 d6 $11 16. g3 (16. Rfd1 Bb7 {[%csl
Ge4]} 17. Bc2 Rad8 {with black being by no means worse.}) 16... Qg4 17. f3 (17.
Qxg4 Nxg4 18. f4 Bb7 $11) 17... Qh5 18. f4 Qxe2 19. Bxe2 e5 20. Bf3 Bb7 21. f5
(21. fxe5 $143 $2 dxe5 $15 {[%csl Gd4,Ge4]}) 21... g5 $1 {An accurate move.
Black gains space on the K side, preventing white from organizing any kind of
play there, whilst black has a clear plan of attack on the Q side, although
it's too little to talk about real winning chances.} 22. h3 Bc6 23. Kf2 Rfb8 {
[%csl Rb3][%cal Ga7a4]} 24. Ke3 Kf8 25. Bd1 Ke7 26. Bc2 {[%csl Yb3,Rd6,Ye4]
[%cal Gf1d1,Yd2f1,Yd1d6] This is the best square for the bishop, defending
both weaknesses and allowing white to create some play against the black ones.}
a5 27. a4 Rb6 28. Rfe1 Rab8 29. Ra3 h6 30. Kd3 Rg8 31. Nb1 h5 32. Nc3 h4 33. g4
{Now it's a dead draw.} Nd7 34. Ke3 f6 35. Rd1 Nb8 36. Rd2 (36. Nd5+ $2 Bxd5
37. cxd5 c4 $1 38. bxc4 Nd7 39. Rb1 Rxb1 40. Bxb1 Rb8 41. Bc2 Nc5 $15) 36...
Rd8 37. Ra1 Na6 38. Rad1 Rd7 39. Nb5 Bb7 (39... Bxb5 40. axb5 Nb4 41. Ra1 Ra7
42. Bd3 $14 {[%cal Ga1a4,Gd2d1,Gd1a1]}) 40. Bb1 Rd8 41. Bc2 Rd7 42. Bb1 Rd8 43.
Bc2 Rd7 1/2-1/2

[Event "MK Cafe Cup-A"]
[Site "Koszalin"]
[Date "1999.08.12"]
[Round "9"]
[White "Bobras, Piotr"]
[Black "Przedmojski, Rafal"]
[Result "1/2-1/2"]
[WhiteElo "2394"]
[BlackElo "2405"]
[Annotator "Gershon,A"]
[PlyCount "65"]
[EventDate "1999.08.03"]
[EventType "swiss"]
[EventRounds "9"]
[EventCountry "POL"]
[SourceTitle "CBM 073"]
[Source "ChessBase"]
[SourceDate "1999.12.01"]
[SourceVersion "1"]
[SourceVersionDate "1999.12.01"]
[SourceQuality "1"]

1. e4 c5 2. Nf3 Nc6 3. d4 cxd4 4. Nxd4 e5 5. Nb5 d6 6. c4 Be7 7. Bd3 a6 (7...
Be6 8. O-O (8. b3 a6 9. N5c3 Nf6 10. O-O O-O 11. Nd5 Bxd5 12. exd5 Nb4 13. Be2
a5 14. Nc3 Na6 15. Bd3 Nd7 16. Nb5 Nc7 17. Nc3 Nc5 18. Bc2 Bg5 19. f4 Bxf4 20.
Bxf4 exf4 21. Rxf4 g6 22. Qd2 Rb8 23. Raf1 b5 24. R4f3 Qe7 25. Re1 Qd8 26. Ne2
bxc4 27. bxc4 Nd7 28. Rh3 $36 {1-0 Movsesian,S-Friedman,A/Open, Groningen NED
1998 (50)}) 8... a6 (8... Nf6 9. N1c3 a6 10. Na3 O-O 11. Nc2 Nd7 12. b3 Nc5 13.
Be2 f5 14. exf5 Bxf5 15. Nd5 Bf6 16. Bb2 Bg5 17. Nce3 Bg6 18. b4 Ne6 19. Bd3
Bxe3 20. fxe3 Rxf1+ 21. Bxf1 Qg5 22. Qe1 Re8 23. Rd1 h6 24. a3 Bc2 25. Rd2 Qg6
26. Qg3 Qxg3 27. hxg3 Bf5 28. Be2 Ng5 29. Bh5 Re6 30. Nc3 Rf6 31. Bf3 Be6 32.
Rxd6 Bxc4 33. Rxf6 gxf6 34. Bd1 Ne7 35. Kf2 {1/2-1/2 Milos,G-Hernandez,G/XXX
International Open, Mar del Plata A 1999 (35)}) 9. N5c3 Nf6 10. Ne2 O-O 11.
Nbc3 Qd7 12. Nd5 Bxd5 13. exd5 Nb4 14. Bb1 a5 15. Nc3 Rfc8 16. b3 Na6 17. Be3
Nc5 18. h3 g6 19. Bc2 Qd8 20. Nb5 Ne8 21. f4 Nd7 22. Qf3 Bf6 23. Rae1 a4 24.
Bb1 axb3 25. axb3 Bg7 26. g4 Qe7 27. f5 $14 {1/2-1/2 Galkin,A-Kasparov,S/
Koszalin POL 1999 (37)}) (7... Nf6 8. N1c3 a6 9. Na3 Bg4 (9... O-O 10. Nc2 Nd7
11. O-O Nc5 12. Ne3 Bg5 13. Ncd5 Be6 14. Nc2 Bxc1 15. Rxc1 f5 16. exf5 Nxd3 17.
Qxd3 Bxf5 18. Qd2 Kh8 19. b3 Rc8 20. f4 Qe8 21. Nce3 Be4 22. Rce1 Qg6 23. fxe5
dxe5 24. Rf2 Rce8 25. Ref1 Rxf2 26. Qxf2 Kg8 27. Ng4 h5 28. Ngf6+ gxf6 29.
Nxf6+ Kh8 30. Nxe4 $18 {1-0 Belakovskaia,A-Khan,A/ch-USA (Women), Denver USA
1998 (43)}) 10. Be2 Be6 11. Nc2 O-O 12. O-O Rc8 13. b3 b5 {1/2-1/2 Vehi Bach,
V-Nataf,I/Andorra la Vella AND 1999 (13)}) 8. N5c3 Bg5 (8... Nf6 9. Nd2 O-O 10.
Nf1 Bg4 11. Qd2 Nd4 12. Ng3 b5 13. O-O Nd7 14. Nce2 Nxe2+ 15. Bxe2 Be6 16. cxb5
axb5 $11 {1/2-1/2 Ziatdinov,R-Miton,K/CCA ChessWise Int, Stratton Mountain, V
1999 (33)}) 9. Nd2 Nf6 10. Nb3 (10. Nf1 Bxc1 11. Rxc1 O-O 12. Ne3 Be6 13. O-O
Rc8 14. a3 Nd7 15. b4 a5 16. Qb3 axb4 17. axb4 Qb6 18. Rb1 Nd4 19. Qb2 Qd8 20.
Rfd1 Nb6 21. Ne2 Nxe2+ 22. Qxe2 $14 {1-0 Nijboer,F-Van der Wiel,J/Leeuwarden
1997/EXT 99 (54)}) (10. O-O O-O 11. b3 Nd4 12. Nd5 Ne6 13. Bc2 Nd4 14. Bb2 Nxc2
15. Nxf6+ Qxf6 16. Qxc2 Qg6 17. Nf3 Be7 18. Ba3 Bh3 19. Ne1 Bd7 20. Qd3 Bc6 21.
f3 f5 22. exf5 Rxf5 23. Rd1 Raf8 $17 {0-1 Van den Doel,E-Van der Wiel,J/
Rotterdam 1997/CBM 60 (33)}) 10... Bxc1 11. Rxc1 O-O 12. O-O Be6 13. Qd2 $6 (
13. Nd5 $142 Rc8 14. Qd2 {Intending to slowly improve the position} (14. f4 $2
exf4 15. Rxf4 Nd7 $15 {[%cal Gd7e5]}) 14... Ne8 15. Rfd1 $14 {[%cal Gd3f1]})
13... Na5 14. Nd5 (14. Nxa5 Qxa5 15. Rfd1 Rac8 16. Nd5 Qxd2 17. Rxd2 Bxd5 $15)
14... Nxb3 15. Nxf6+ Qxf6 16. axb3 Rfc8 $11 {After allowing black to take on
b3 white has no advantage anymore, since his Q side pawns are not mobile
anymore, and the weakness on d6 is compesated by the weakness on b3.} 17. Rfd1
Qd8 $1 {[%cal Gd8b6,Yd8c7,Yc7c4,Gb6b2,Yc7d6,Gb6d6] The queen has nothing to do
on the king side, so it is transferred to the 'action zone'} 18. Be2 (18. Qb4
Rc6 19. Be2 Qb6 20. Qxb6 Rxb6 21. Rd3 Kf8 {And black is by no means worse.})
18... Rc6 19. Rc3 Qc7 {[%csl Gc4]} (19... Qb6) 20. h3 h6 21. Bg4 Re8 22. Bf5 (
22. Bxe6 Rxe6 23. Qd5 {[%cal Gb3b4]} Rc5 $11) 22... Qc8 23. Bxe6 Rxe6 24. Qe2
Qc7 25. Rd5 Qb6 26. Rcd3 Rf6 {[%csl Gb3,Gf2] White is tied up just as badly as
black is} 27. Qd2 Kh7 28. g3 Kg8 29. Kg2 Kh8 30. h4 Kg8 31. Kg1 (31. f3 Rg6 {
[%csl Gg3]} 32. Qe3 Qd8 33. Kh2 Qc7 $11) 31... Kh8 32. Kg2 Kg8 33. Kg1 1/2-1/2

[Event "MK Cafe Cup-A"]
[Site "Koszalin"]
[Date "1999.08.07"]
[Round "5"]
[White "Dvoirys, Semen I"]
[Black "Degraeve, Jean Marc"]
[Result "1-0"]
[WhiteElo "2590"]
[BlackElo "2542"]
[Annotator "Gershon,A"]
[PlyCount "79"]
[EventDate "1999.08.03"]
[EventType "swiss"]
[EventRounds "9"]
[EventCountry "POL"]
[SourceTitle "CBM 073"]
[Source "ChessBase"]
[SourceDate "1999.12.01"]
[SourceVersion "1"]
[SourceVersionDate "1999.12.01"]
[SourceQuality "1"]

1. e4 c5 2. Nf3 Nc6 3. d4 cxd4 4. Nxd4 e5 5. Nb5 d6 6. c4 Be7 7. N1c3 a6 8. Na3
f5 9. Nc2 (9. exf5 Bxf5 10. Bd3 Bxd3 11. Qxd3 Nf6 12. Nc2 O-O 13. O-O Kh8 14.
b3 Qe8 15. f3 Rc8 16. Bg5 Nh5 17. Bxe7 Qxe7 18. Ne4 Rcd8 19. g3 Nf6 20. Rad1
Rd7 21. Kg2 Rfd8 22. Ne3 $16 {1-0 Acs,P-Cao,S/Budapest HUN 1999 (41)}) (9. Bd3
f4 10. g3 Nf6 11. gxf4 exf4 12. Bxf4 O-O 13. Bg3 Ng4 14. Be2 Nxf2 15. Qd5+ (15.
Bxf2 Rxf2 16. Kxf2 Bh4+ 17. Kg2 Qg5+ 18. Bg4 Ne5 (18... Bxg4 19. Qd5+ $18) 19.
h3 h5 $40) 15... Kh8 16. Bxf2 Nb4 17. Qh5 Rxf2 18. Kxf2 Bh4+ 19. Kg2 g6 20. Qf3
Qg5+ 21. Kf1 Bh3+ 22. Qxh3 Rf8+ 23. Bf3 Qe3 24. Qxh4 Nd3 25. Nd5 Qxf3+ 26. Kg1
Nf2 27. Kf1 Qxh1+ 28. Ke2 Qxa1 {0-1 Nunn,J-Nataf,I/ch-FRA (team), 1999 (28)})
9... Nf6 10. exf5 Bxf5 11. Ne3 (11. Bd3 Be6 12. O-O O-O 13. Bg5 (13. Qe2 Rc8
14. Bg5 Ng4 15. Bxe7 Qxe7 16. Nd5 Qh4 17. h3 Nf6 18. Rad1 Bxd5 19. cxd5 Ne7 20.
f4 Nd7 21. fxe5 Nxe5 22. Qe4 Rxf1+ 23. Rxf1 Qxe4 24. Bxe4 Nc4 25. Re1 $13 {
1-0 Mannion,S-Arakhamia,K/Edinburgh SCO 1999 (41)}) 13... Ng4 14. Bxe7 Qxe7 15.
Ne3 (15. f3 Nh6 16. Kh1 Rad8 17. Qe2 Nf5 18. Bxf5 Rxf5 19. Ne3 Rf7 20. Ned5 Qh4
21. Rad1 Nd4 22. Qe1 Qxe1 23. Rfxe1 Rc8 24. f4 Rxc4 25. fxe5 Nc2 26. Rf1 dxe5
$19 {0-1 Satyapragyan,S-Nataf,I/World Junior Ch, Calicut IND 1998 (44)}) 15...
Qh4 16. Nxg4 Bxg4 17. f3 Be6 18. Qe2 Nd4 19. Qe4 Qh6 20. Rae1 Rf7 21. Qe3 Qxe3+
22. Rxe3 Rc8 23. Ne4 Rd7 24. b3 b5 25. Nd2 Bf5 $11 {1/2-1/2 Dvoirys,S-Nataf,I/
Koszalin POL 1999 (69)}) 11... Be6 12. Bd3 Nd4 13. O-O O-O 14. b3 (14. Ned5 Rc8
15. Be3 Qe8 16. Re1 Nf5 17. Bxf5 Bxf5 18. Qb3 Nxd5 19. Nxd5 Rf7 20. Qxb7 Rxc4
21. Qxa6 Rc2 22. b4 Bh4 23. Re2 Bc8 24. Qd3 Bf5 25. Qd1 $18 {1-0 Horvath,
A-Jankovic,A/Litohoto GRE 1999 (28)}) 14... b5 15. Ncd5 bxc4 (15... Nxd5 16.
Nxd5 Bxd5 17. cxd5 Qd7 18. Be4 Bd8 19. Qd3 g6 20. Bh6 Rf7 21. Rac1 Bb6 22. Kh1
Bc5 23. h3 Nf5 24. Bd2 a5 25. Bxf5 Rxf5 26. Be3 Bxe3 27. Qxe3 $14 {1-0
Dgebuadze,A-Moiseenko,A/Rotterdam 1998/EXT 99 (39)}) 16. Bxc4 Nxd5 17. Bxd5 $6
(17. Nxd5 $5 Kh8 (17... Bg5 18. f4 (18. Bxg5 Qxg5 19. Nc7 Bxc4 20. bxc4 Rac8
$17) 18... Bf6 19. Bb2 $16) 18. Bb2 Nf5 19. Qd3 $14) 17... Bxd5 18. Nxd5 Bg5
19. b4 $1 {[%csl Gd5] It is very important for black to keep his knight on d5,
without this knight he could only stand worse.} (19. Bb2 Qa5 20. Nc3 Rac8 $132)
19... Bxc1 20. Rxc1 Ra7 21. Qd3 Qg5 $2 {Black cannot let white play f4 just
like that. He must fight against his biggest problem- N d5. He gets a
difficult positon very quickly.} (21... Qd7 $142 22. Qe4 (22. Qc4 Qb5 23. Rfe1
Qxc4 24. Rxc4 a5 $1 25. f4 axb4 26. fxe5 dxe5 27. Nxb4 Raf7 $15) (22. f4 $2 Qb5
23. Qxb5 (23. Qc4 Ne2+ 24. Kh1 Nxc1 $19) 23... axb5 $15 {[%csl Ga2]}) 22... a5
$132) 22. f4 Qh5 23. Rf2 Raf7 $2 (23... Qf7 $142 24. Qc4 Qe6 25. Re1 $16 {
Not pleasant but playable}) 24. Rcf1 Kh8 25. h3 $2 (25. Qxa6 {wins easily} exf4
(25... e4 26. Qc4) 26. Nxf4 Rxf4 $2 (26... Qh6 27. Ng6+ $1 $18) 27. Rxf4 Ne2+ (
27... Rxf4 28. Qc8+) 28. Qxe2 $18) 25... h6 26. Qxa6 exf4 27. Qc4 (27. Nxf4
Rxf4 28. Rxf4 Rxf4 29. Rxf4 Ne2+ $19 {This variation was not possible with the
pawns on h2 and h7}) 27... Qe5 28. Rd2 $1 Ne6 29. Re2 Qf5 30. Qe4 {[%csl Ga2,
Gb4] Forcing queen exchange and a technically won endgame} Ng5 31. Qxf5 Rxf5
32. Ne7 R5f6 33. h4 f3 (33... Ne6 34. Nd5 Rg6 35. Kf2 $18) 34. Ref2 fxg2 {
The exchange of rooks makes it even easier for white.} 35. Kxg2 Rxf2+ 36. Rxf2
Rxf2+ 37. Kxf2 Ne4+ 38. Ke3 Nc3 39. Kd4 Nxa2 40. b5 (40. b5 Nb4 (40... Nc1 41.
Kc4 $1 $18) 41. Kc4 Nc2 42. b6 Na3+ 43. Kd3 $18) 1-0